Mathematics for Technical Students / (Record no. 179969)
[ view plain ]
| 000 -LEADER | |
|---|---|
| fixed length control field | 00498 a2200169 4500 |
| 003 - CONTROL NUMBER IDENTIFIER | |
| control field | Nust |
| 005 - DATE AND TIME OF LATEST TRANSACTION | |
| control field | 20221031123740.0 |
| 040 ## - CATALOGING SOURCE | |
| Transcribing agency | Nust |
| 082 ## - DEWEY DECIMAL CLASSIFICATION NUMBER | |
| Classification number | 510,GEA |
| 100 ## - MAIN ENTRY--PERSONAL NAME | |
| Personal name | Geary .A |
| 9 (RLIN) | 101959 |
| 245 ## - TITLE STATEMENT | |
| Title | Mathematics for Technical Students / |
| Statement of responsibility, etc. | A Geary and H V lowry |
| 260 ## - PUBLICATION, DISTRIBUTION, ETC. | |
| Place of publication, distribution, etc. | London |
| Name of publisher, distributor, etc. | William Clowes and Sons |
| Date of publication, distribution, etc. | 1965 |
| 300 ## - PHYSICAL DESCRIPTION | |
| Extent | 315:p |
| 505 ## - FORMATTED CONTENTS NOTE | |
| Formatted contents note | Arithmetic (Page-1), Algebra (Page-28), Geometry (Page-148), Trigonometry (Page-230). |
| 650 ## - SUBJECT ADDED ENTRY--TOPICAL TERM | |
| Topical term or geographic name entry element | Mathematics |
| 942 ## - ADDED ENTRY ELEMENTS (KOHA) | |
| Source of classification or shelving scheme | |
| Koha item type | Book |
| Call number prefix | 510,GEA |
| Withdrawn status | Lost status | Source of classification or shelving scheme | Damaged status | Not for loan | Permanent Location | Current Location | Shelving location | Date acquired | Full call number | Barcode | Date last seen | Price effective from | Koha item type | Public note |
|---|---|---|---|---|---|---|---|---|---|---|---|---|---|---|
| Military College of Signals (MCS) | Military College of Signals (MCS) | General Stacks | 12/12/2016 | 510,GEA | MCS20647 | 12/08/2016 | 12/12/2016 | Book | Almirah No.82, Shelf No.1 | |||||
| Military College of Signals (MCS) | Military College of Signals (MCS) | General Stacks | 12/12/2016 | 510,GEA | MCS20712 | 12/08/2016 | 12/12/2016 | Book Bank | Almirah No. A/135, Shelf No.5 | |||||
| Military College of Signals (MCS) | Military College of Signals (MCS) | General Stacks | 12/12/2016 | 510,GEA | MCS7720 | 12/08/2016 | 12/12/2016 | Book | Almirah No.82, Shelf No.1 |
